Interior design : (Record no. 63296)
[ view plain ]
| 000 -الفاتح | |
|---|---|
| حقل البيانات ثابتة الطول | 00658nam a22002297a 4500 |
| 005 - وقت وتاريخ اخر تعامل مع التسجيلة | |
| رقم الضبط | 20240530110633.0 |
| 008 - عناصر البيانات ثابتة الطول - معلومات عامة | |
| حقل البيانات ثابتة الطول | 170912s2015 uk h f b 000 0 eng d |
| 020 ## - الرقم الدولى المعيارى للكتب | |
| الرقم الدولى المعيارى للكتاب | 9780500517871 |
| 040 ## - مصدر الفهرسة | |
| وكالة الفهرسة الأصلية | EG-CaGPL |
| 082 04 - رقم تصنيف ديوى العشرى | |
| رقم الطبعة | 21 |
| رقم التصنيف | 747 |
| رقم المادة | BI |
| 100 1# - المدخل الرئيسى - إسم شخصى | |
| الإسم الشخصى | Bradbury, Dominic |
| 245 10 - بيان العنوان | |
| العنوان | Interior design : |
| بقية العنوان | close up / |
| بيان المسئوليه,etc | Dominic Bradbury |
| 260 ## - PUBLICATION, DISTRIBUTION, ETC. (IMPRINT) | |
| تاريخ النشر أو التوزيع | 2015. |
| 300 ## - الوصف المادى | |
| التعداد | 431 P. : |
| تفاصيل ماديه اخرى للوعاء | ill ؛ |
| أبعاد الوعاء | 26 cm. |
| 504 ## - تبصرة ببليوجرافية | |
| تبصرة ببليوجرافية,الخ | Includes bibliographical references |
| 650 00 - المدخل الاضافى بالموضوع-مصطلح موضوعى | |
| مصطلح موضوعي | INTERIOR DESIGN |
| 650 00 - المدخل الاضافى بالموضوع-مصطلح موضوعى | |
| مصطلح موضوعي | INTERIOR DECORATION |
| 650 00 - المدخل الاضافى بالموضوع-مصطلح موضوعى | |
| مصطلح موضوعي | FURNITURE |
| 650 00 - المدخل الاضافى بالموضوع-مصطلح موضوعى | |
| مصطلح موضوعي | DESIGN |
| 942 ## - عناصر المدخل الإضافي( كوها) | |
| مصدر التصنيف او مخطط الترفيف | Dewey Decimal Classification |
| Koha [default] item type | كتاب |
| 260 ## - PUBLICATION, DISTRIBUTION, ETC. (IMPRINT) | |
| -- | London : |
| -- | Thames & Hudson, |
| حالة التراجع | حالة الفقد | حالة تلف | ليس للاعارة | المكان المؤقت | الموقع الحالى | موقع الترفيف | تاريخ الاكتساب | اجمالي اﻻعارات | رقم الطلب | الباركود | تاريخ اخر مشاهدة | تاريخ تفعيل السعر | نوع وعاء كوها |
|---|---|---|---|---|---|---|---|---|---|---|---|---|---|
| مكتبة القاهرة الكبرى | مكتبة القاهرة الكبرى | 09/12/2017 | 747 BI | 163279 | 09/12/2017 | 09/12/2017 | كتاب |

